| 000 | 01129nam a2200289 a 4500 | ||
|---|---|---|---|
| 001 | 000020696 | ||
| 003 | DO-SdBNP | ||
| 005 | 20240715140508.0 | ||
| 007 | ta | ||
| 008 | 100812s2017 dr a 000 0 spa d | ||
| 020 | _a9789945907216 | ||
| 040 |
_aDO-SdBNP _bspa _cBNPHU |
||
| 082 | 4 |
_bH532s _222 |
|
| 100 | 1 |
_aHeras y Borrero, Francisco M. de las _943440 _d1951-2013 |
|
| 245 | 1 | 4 |
_aLos silencios de Juan Pablo Duarte : _bluces y sombras de un hombre excepcional / _cFrancisco M. de las Heras y Borrero ; presentación Raymundo González, Vetilio Alfau del Valle ; prólogo Andrés Pérez Sepúlveda |
| 260 |
_aSanto Domingo : _bArchivo General de la Nación, _c2017. |
||
| 300 |
_a296 p. : _bil. ; _c24 cm. |
||
| 490 | 1 |
_aArchivo General de la Nación _v308 |
|
| 500 | _aIncluye datos biográficos del autor en la solapa de la portada. | ||
| 500 | _aIncluye índice onomástico | ||
| 590 | _aInventariado, 2020/YL | ||
| 700 |
_aGonzález, Raymundo _epres. _96373 |
||
| 700 | 1 |
_aAlfau del Valle, Vetilio, _epres. _976611 |
|
| 700 | 1 |
_aPérez Sepúlveda, Andrés, _eprol. _976612 |
|
| 942 |
_2ddc _cLBS1 |
||
| 956 | _aYLOCKWARD | ||
| 999 |
_c20200 _d20200 |
||